000 00783nam a2200253 a 4500
008
020 _a0256066817 (pbk.)
049 _aMAIN
090 _aQA76.5
_bROC
100 1 _aRochester, Jack B.
245 1 0 _aStudy guide for use with computers for people :
_bconcepts and applications /
_cJack B. Rochester, Jon Rochester.
260 _aHomewood :
_bRichard D. Irwin,
_cc1991.
300 _aiii, 178 p. :
_bill. ;
_c28 cm.
504 _aIncludes bibliographical references.
500 _aIncludes index.
650 0 _aComputers.
650 0 _aComputer literacy.
700 1 _aRochester, Jon.
907 _a.b1008860x
_b26-06-13
_c11-09-03
003
005 20230123133439.0
040 _cNUST
942 _cBOOKS
_kQA76.5
_mROC
999 _c148739
_d148739